| 000 | 00578cam a22002291 4500 | ||
|---|---|---|---|
| 001 | sa 65001710 | ||
| 003 | DLC | ||
| 005 | 20260227112111.0 | ||
| 008 | 891010s1962 ii b 000 0 hino | ||
| 010 | _asa 65001710 | ||
| 035 | _a(OCoLC)20463425 | ||
| 040 |
_aDLC _cWaU _dDLC |
||
| 042 | _apremarc | ||
| 050 | 0 | 0 |
_aPN595.H5 _bP7 |
| 100 | 1 |
_aPrakash, Satya., _d1922- |
|
| 245 | 1 | 0 | _aSāhitya-samālocana. |
| 260 | _c[1962] | ||
| 300 |
_a8, 158 p. _c18 cm. |
||
| 500 | _aIn Hindi. | ||
| 504 | _aBibliographical footnotes. | ||
| 650 | 0 |
_aLiterature _xOutlines, syllabi, etc. |
|
| 999 |
_c62175 _d62175 |
||